Pablo VI (1963-1978) /

Detalles Bibliográficos
Autor principal: Morales, José (Morales Marín) (Autor)
Formato: Electrónico eBook
Lenguaje:español
Publicado: Pamplona, España : EUNSA, Ediciones Universidad de Navarra, [2015]
Colección:Religión (Pamplona, Spain)
Materias:
Acceso en línea:Digitalia Hispánica

MARC

LEADER 00000nam a2200000Ii 4500
001 DIGEDUNAV0112
003 NyNyDIG
006 m o d
007 cr |||||||||||
008 220605s2015 sp ob 001 0 spa d
035 |a (OCoLC)1054056942 
040 |a DGITA  |b eng  |e rda  |e pn  |c DGITA 
020 |z 9788431330606 
050 1 4 |a BX1378.3 ebook 
100 1 |a Morales, José  |q (Morales Marín),  |e author. 
245 1 0 |a Pablo VI (1963-1978) /  |c José Morales. 
264 1 |a Pamplona, España :  |b EUNSA, Ediciones Universidad de Navarra,  |c [2015] 
300 |a 1 online resource. 
336 |a text  |b txt  |2 rdacontent 
337 |a computer  |b c  |2 rdamedia 
338 |a online resource  |b cr  |2 rdacarrier 
347 |a text file  |2 rdaft 
347 |b PDF 
490 1 |a Astrolabio. Serie Religión 
504 |a Includes bibliographical references and index. 
588 0 |a Online resource; title from PDF title page (Digitalia, viewed June 5, 2022) 
600 0 0 |a Paul  |b VI,  |c Pope,  |d 1897-1978. 
650 0 |a Church history. 
655 0 |a Electronic books. 
791 2 |a Digitalia (Firm),  |e distributor. 
793 0 |g Digitalia eBook Collection:  |a Ediciones Universidad de Navarra 
776 0 8 |i Print version:  |a Morales, José (Morales Marín).  |t Pablo VI (1963-1978).  |b Primera edición.  |d Pamplona, España : EUNSA, Ediciones Universidad de Navarra, [2015]  |z 9788431330606 
830 0 |a Religión (Pamplona, Spain) 
856 4 0 |3 Digitalia Hispánica  |u https://www.digitaliapublishing.com/a/51432/ 
910 |a Premium collection: 2022